| 000 | 00989nam a2200397Ia 4500 | ||
|---|---|---|---|
| 001 | 8371 | ||
| 005 | 20240113234106.0 | ||
| 007 | ta | ||
| 008 | 160824s2001 ii a g b000 u 465 u | ||
| 020 | _a0333 90298 X | ||
| 040 | _aCotton College Assam | ||
| 041 | _a465 | ||
| 082 |
_a954 _bM 289 Ad |
||
| 100 | _aMajumdar, R.C. . | ||
| 245 | 0 |
_aAn Advanced History of India / _cR.C. Majumdar, H.C. Raychaudhuri, K. Datta. _hTextual Documents |
|
| 250 | _a4th ed. / | ||
| 260 |
_aDelhi : _bMacmillan India Ltd. , _c2001. |
||
| 300 |
_axi, 1149p. : _bill. ; _c22cm . |
||
| 504 | _aBib, Index | ||
| 653 | _aHistory-India | ||
| 653 | _aMS-History | ||
| 653 | _aPG-History | ||
| 653 | _aG-History | ||
| 653 | _aG - Hist | ||
| 942 |
_2ddc _cBK |
||
| 999 |
_c8358 _d8358 |
||